Guess the actors! #02 (Medium) - Statistics

General Stats
  • This quiz has been taken 37 times
  • The average score is 9 of 16
Answer Stats
Picture Answer % Correct
Emma Watson
91%
Ryan Reynolds
91%
Daniel Radcliffe
88%
Keanu Reeves
88%
Paul Rudd
85%
Idris Elba
82%
Robert Pattinson
79%
Emilia Clarke
53%
Kit Harington
44%
Zoë Kravitz
35%
Gillian Anderson
29%
Evangeline Lilly
24%
John Turturro
21%
Emma Mackey
18%
Chase Stokes
12%
Milly Alcock
9%
No matching quizzes found
Score Distribution
Percent of People with Each Score
Percentile by Number Answered
Your Score History
You have not taken this quiz